ENGLISH FOR CHILDREN TRANSPORTATIONS TRANSPORTATIONS/ PT VẬN CHUYỂN

Uloženo v:
Podrobná bibliografie
Hlavní autor: THANH HƯƠNG
Médium: Kniha
Vydáno: TP.HCM 2010
Témata:
Tagy: Přidat tag
Žádné tagy, Buďte první, kdo otaguje tento záznam!
Thư viện lưu trữ: Mạng thư viện Đại học Đà Nẵng
LEADER 00886nam a22002291a 4500
001 000034376
003 10568
005 20151027132119.0
008 151027s2010 000
082 |a 420.83  |b TH-H  |2 TRANSPORTATIONS/ PT VẬN CHUYỂN 
100 |a THANH HƯƠNG 
245 |a ENGLISH FOR CHILDREN TRANSPORTATIONS  |c THANH HƯƠNG  |n TRANSPORTATIONS/ PT VẬN CHUYỂN 
260 |a TP.HCM  |c 2010 
650 |a ENGLISH FOR CHILDREN TRANSPORTATIONS, ENGLISH, CHILDREN ,TRANSPORTATIONS 
OWN |a LNN 
AVA |a UDN50  |b LNN  |d 420.83 TH-H  |e available  |t Error 5001 Not defined in file expand_doc_bib_avail.  |f 5  |g 0  |h N  |i 0  |k 1 
999 |a From the UDN01 
AVA |a UDN50  |b LNN  |d 420.83 TH-H  |e available  |t Error 5001 Not defined in file expand_doc_bib_avail.  |f 5  |g 0  |h N  |i 0  |k 1 
TYP |a Monograph 
980 |a Mạng thư viện Đại học Đà Nẵng